[Event "OP-2011-0-01971"]
[Site "LSS email"]
[Date "2011.12.30"]
[Round "?"]
[White "Lewis, Patrick"]
[Black "Couspeyre, Thierry"]
[Result "0-1"]
[WhiteElo "545"]
[BlackElo "1287"]
[PlyCount "24"]
[EventDate "2011.12.27"]
[EventType "tourn (corr)"]
[EventRounds "4"]
[EventCountry "GER"]
[SourceTitle "Corr 2015"]
[Source "ChessBase"]
[SourceDate "2015.07.17"]
[SourceVersion "1"]
[SourceVersionDate "2015.07.17"]
[SourceQuality "1"]

1. e3 e5 2. e4 Nf6 3. Nc3 d5 4. exd5 Nxd5 5. Qf3 Be6 6. a3 Be7 7. Qe4 0-0 8. Bc4 c6 9. b4 Nf6 10. Qxe5 Bxc4 11. d3 Re8 12. Nf3 Bd6 0-1

[Event "OP-2011-0-01913"]
[Site "LSS email"]
[Date "2011.11.30"]
[Round "?"]
[White "Lewis, Patrick"]
[Black "Torfs, Gert"]
[Result "0-1"]
[WhiteElo "545"]
[BlackElo "990"]
[PlyCount "78"]
[EventDate "2011.11.27"]
[EventType "tourn (corr)"]
[EventRounds "4"]
[EventCountry "GER"]
[SourceTitle "Telechess CBM 157"]
[Source "ChessBase"]
[SourceDate "2013.11.12"]
[SourceVersion "1"]
[SourceVersionDate "2013.11.12"]
[SourceQuality "1"]

1. d4 f5 2. f4 Nf6 3. Nc3 d5 4. Qd3 Nc6 5. e3 Ne4 6. Nxe4 fxe4 7. Qd1 Bf5 8. a3 e6 9. g3 Bd6 10. Bd2 Qe7 11. Nh3 h6 12. g4 Qh4+ 13. Nf2 Bxg4 14. Qxg4 Qxg4 15. Nxg4 h5 16. Nf2 0-0-0 17. Bh3 Rde8 18. 0-0-0 Rhg8 19. Rhg1 a6 20. b4 Nd8 21. Rg5 g6 22. a4 Nf7 23. Rgg1 Nd8 24. a5 Kd7 25. Rg2 Rg7 26. Rgg1 Reg8 27. Rg2 Nc6 28. Rg5 Bxb4 29. c3 Bxa5 30. Kc2 b5 31. Kb3 Rb8 32. f5 Rf8 33. Rxg6 Rxg6 34. fxe6+ Ke7 35. Kb2 Rxf2 36. Bf5 Rgg2 37. Kc2 Rxh2 38. Kb3 Rxf5 39. Rg1 Kxe6 0-1

[Event "ZN-2011-0-01773"]
[Site "LSS email"]
[Date "2011.11.23"]
[Round "?"]
[White "Lewis, Patrick"]
[Black "Bormann, Hugo"]
[Result "0-1"]
[WhiteElo "545"]
[BlackElo "771"]
[PlyCount "58"]
[EventDate "2011.11.20"]
[EventType "match (corr)"]
[EventRounds "2"]
[EventCountry "GER"]
[SourceTitle "Telechess CBM 157"]
[Source "ChessBase"]
[SourceDate "2013.11.12"]
[SourceVersion "1"]
[SourceVersionDate "2013.11.12"]
[SourceQuality "1"]

1. h3 d5 2. d4 g6 3. g3 Bg7 4. Nf3 e6 5. Nc3 b6 6. h4 Nf6 7. Rg1 h5 8. Bg5 Nbd7 9. Qd3 Bb7 10. e4 dxe4 11. Bxf6 Nxf6 12. Qd1 exf3 13. Bc4 0-0 14. d5 Nxd5 15. Qxf3 Rb8 16. a3 Nxc3 17. Qd3 Qxd3 18. Bxd3 Nd5 19. 0-0-0 c5 20. c4 Nf6 21. Kc2 Rfd8 22. g4 Nxg4 23. b4 Nxf2 24. Rd2 Nxd3 25. Rg3 Ne5 26. Re2 Nxc4 27. Kb3 Bd5 28. Rd3 Ne5+ 29. Kc3 Nxd3+ 0-1

[Event "OP-2011-0-01876"]
[Site "LSS email"]
[Date "2011.11.13"]
[Round "?"]
[White "Lewis, Patrick"]
[Black "Milde, Lars"]
[Result "0-1"]
[WhiteElo "545"]
[BlackElo "1788"]
[PlyCount "34"]
[EventDate "2011.11.10"]
[EventType "tourn (corr)"]
[EventRounds "4"]
[EventCountry "GER"]
[SourceTitle "Corr 2015"]
[Source "ChessBase"]
[SourceDate "2015.07.17"]
[SourceVersion "1"]
[SourceVersionDate "2015.07.17"]
[SourceQuality "1"]

1. Nf3 d5 2. d4 Nf6 3. Bg5 e6 4. Nc3 a6 5. e4 dxe4 6. Ng1 Bb4 7. a3 Bxc3+ 8. bxc3 Nbd7 9. Qe2 h6 10. Bd2 e5 11. dxe5 Nxe5 12. 0-0-0 Qe7 13. Kb2 Be6 14. h3 Nc4+ 15. Kb1 Qxa3 16. Bc1 Nd2+ 17. Qxd2 Qa2# 0-1

[Event "Granby Marathon"]
[Site "Granby"]
[Date "2005.05.08"]
[Round "7"]
[White "Lewis, Patrick"]
[Black "Deslandes, Raynald"]
[Result "1-0"]
[WhiteElo "1563"]
[BlackElo "1611"]
[PlyCount "53"]
[EventDate "2005.05.06"]
[EventType "swiss"]
[EventRounds "7"]
[EventCountry "CAN"]
[SourceTitle "CBM 106 Extra"]
[Source "ChessBase"]
[SourceDate "2005.07.01"]
[SourceVersion "1"]
[SourceVersionDate "2005.07.01"]
[SourceQuality "1"]

1. e4 c5 2. Nf3 d6 3. d4 cxd4 4. Nxd4 Nf6 5. Nc3 a6 6. Be3 e5 7. Nb3 Be7 8. f3 Be6 9. Qd2 d5 10. exd5 Nxd5 11. 0-0-0 Nxe3 12. Qxe3 Nd7 13. Ne4 0-0 14. Kb1 b5 15. g4 b4 16. h4 Qc7 17. Ng5 Rfc8 18. Bd3 a5 19. Bxh7+ Kf8 20. Nxe6+ fxe6 21. h5 a4 22. h6 g5 23. Rxd7 Qxd7 24. Qxe5 axb3 25. Qh8+ Kf7 26. Bg6+ Kxg6 27. Qg7# 1-0

[Event "Sherbrooke op-B"]
[Site "Sherbrooke"]
[Date "2004.05.29"]
[Round "3"]
[White "Lewis, Patrick"]
[Black "Fecteau, Denis"]
[Result "1/2-1/2"]
[WhiteElo "1515"]
[BlackElo "1658"]
[PlyCount "88"]
[EventDate "2004.05.??"]
[EventType "swiss"]
[EventRounds "5"]
[EventCountry "CAN"]
[SourceTitle "EXT 2005"]
[Source "ChessBase"]
[SourceDate "2004.11.15"]
[SourceVersion "1"]
[SourceVersionDate "2004.11.15"]
[SourceQuality "1"]

1. e4 d6 2. d4 Nf6 3. Nc3 g6 4. Nf3 Bg7 5. Be2 c6 6. 0-0 b5 7. a3 0-0 8. Bf4 a6 9. e5 dxe5 10. dxe5 Nd5 11. Nxd5 cxd5 12. Qd2 Bg4 13. h3 Bxf3 14. Bxf3 e6 15. Bg5 Qc7 16. Bf6 Nd7 17. Bxg7 Kxg7 18. Rfe1 Nxe5 19. Qd4 f6 20. Bd1 Qf7 21. f4 Nc4 22. Bf3 Rfe8 23. b3 Nd6 24. Kh2 Qa7 25. Qd2 Qc5 26. a4 Rac8 27. axb5 axb5 28. Ra6 f5 29. b4 Qc7 30. Qd4+ Kg8 31. Ra7 Qc3 32. Qxc3 Rxc3 33. Rxe6 Rxe6 34. Bxd5 Rxc2 35. Bxe6+ Kf8 36. Rxh7 Rb2 37. Rd7 Ne4 38. Rd4 Ke7 39. Bd5 Nc3 40. Bf3 Na2 41. Bc6 Rxb4 42. Rxb4 Nxb4 43. Bxb5 Kf6 44. h4 Nd5 1/2-1/2